Introduction à l'entomologie

Đã lưu trong:
Bibliografiske detaljer
Hovedforfatter: R Jeannel
Format: Bog
Sprog:Undetermined
Udgivet: Paris Boubée et Cie 1949
Fag:
Tags: Tilføj Tag
Ingen Tags, Vær først til at tagge denne postø!
Thư viện lưu trữ: Trung tâm Học liệu Trường Đại học Cần Thơ
LEADER 00429nam a2200169Ia 4500
001 CTU_9177
008 210402s9999 xx 000 0 und d
082 |a 595.7 
082 |b J43/T1 
100 |a R Jeannel 
245 0 |a Introduction à l'entomologie 
245 0 |c R Jeannel 
260 |a Paris 
260 |b Boubée et Cie 
260 |c 1949 
650 |a entomology 
980 |a Trung tâm Học liệu Trường Đại học Cần Thơ